Introduction to the study of liturgy / (Registro nro. 26188)

Detalles MARC
000 -LEADER
campo de control de longitud fija 02391cam a22006254i 4500
003 - IDENTIFICADOR DE NÚMERO DE CONTROL
campo de control PE-LiUPU
005 - FECHA Y HORA DE LA ÚLTIMA TRANSACCIÓN
campo de control 20250822091817.0
008 - DATOS DE LONGITUD FIJA--INFORMACIÓN GENERAL
campo de control de longitud fija 170616s2017 mnu rb 001 0 eng
020 ## - NÚMERO INTERNACIONAL ESTÁNDAR DEL LIBRO
Número Internacional Estándar del Libro 0814663125
020 ## - NÚMERO INTERNACIONAL ESTÁNDAR DEL LIBRO
Número Internacional Estándar del Libro 9780814663127
035 ## - NÚMERO DE CONTROL DEL SISTEMA
Número de control de sistema (Sirsi) i9780814663127
035 ## - NÚMERO DE CONTROL DEL SISTEMA
Número de control de sistema (OCoLC)920452753
Número de control cancelado/no válido (OCoLC)920018110
040 ## - FUENTE DE CATALOGACIÓN
Centro catalogador/agencia de origen DLC
Lengua de catalogación spa
Normas de descripción rda
Centro/agencia transcriptor DLC
Centro/agencia modificador BTCTA
-- BDX
-- YDXCP
-- OCLCO
-- WIO
-- YDX
-- WIO
-- CLE
-- OCLCF
-- PE-LiUPU
041 1# - CÓDIGO DE IDIOMA
Código de lengua del texto/banda sonora o título independiente eng
Código de lengua original ger
049 ## - FONDOS LOCALES (OCLC)
Biblioteca depositaria PRUA
050 00 - SIGNATURA TOPOGRÁFICA DE LA BIBLIOTECA DEL CONGRESO
Número de clasificación BV176.3
Número de ítem .G4813 2017
082 00 - NÚMERO DE LA CLASIFICACIÓN DECIMAL DEWEY
Número de clasificación 264.02
Cutter G37
Número de edición 23
100 1# - ENTRADA PRINCIPAL--NOMBRE DE PERSONA
Nombre de persona Gerhards, Albert,
Término indicativo de función/relación autor.
245 10 - MENCIÓN DEL TÍTULO
Título Introduction to the study of liturgy /
Mención de responsabilidad, etc. Albert Gerhards, Benedikt Kranemann ; traducción: Linda M. Maloney.
264 #1 - PRODUCCIÓN, PUBLICACIÓN, DISTRIBUCIÓN, FABRICACIÓN Y COPYRIGHT
Producción, publicación, distribución, fabricación y copyright Collegeville, Minnesota :
Nombre del de productor, editor, distribuidor, fabricante Liturgical Press,
Fecha de producción, publicación, distribución, fabricación o copyright [2017]
300 ## - DESCRIPCIÓN FÍSICA
Extensión xiv, 400 páginas ;
Dimensiones 23 centímetros
336 ## - TIPO DE CONTENIDO
Término de tipo de contenido text
Fuente rdacontent
337 ## - TIPO DE MEDIO
Nombre/término del tipo de medio unmediated
Fuente rdamedia
338 ## - TIPO DE SOPORTE
Nombre/término del tipo de soporte volume
Fuente rdacarrier
504 ## - NOTA DE BIBLIOGRAFÍA, ETC.
Nota de bibliografía, etc. Bibliografía : páginas 357-391.
504 ## - NOTA DE BIBLIOGRAFÍA, ETC.
Nota de bibliografía, etc. Índice : páginas 393-400.
505 ## - NOTA DE CONTENIDO CON FORMATO
Nota de contenido con formato Liturgy in Its Social Context -- History, Outline, and Methods of Liturgics -- Historical Sketch of the Roman Liturgy -- Theology of the Liturgy -- Forms and Methods of Expression in Worship.
526 ## - NOTA DE INFORMACIÓN SOBRE EL PROGRAMA DE ESTUDIO
Nombre del programa Segunda Especialidad En Profecías Bíblicas
526 ## - NOTA DE INFORMACIÓN SOBRE EL PROGRAMA DE ESTUDIO
Nombre del programa Segunda Especialidad En Nuevo Testamento
526 ## - NOTA DE INFORMACIÓN SOBRE EL PROGRAMA DE ESTUDIO
Nombre del programa Segunda Especialidad En Antiguo Testamento
526 ## - NOTA DE INFORMACIÓN SOBRE EL PROGRAMA DE ESTUDIO
Nombre del programa Segunda Especialidad En Estudios Adventistas
526 ## - NOTA DE INFORMACIÓN SOBRE EL PROGRAMA DE ESTUDIO
Nombre del programa Doctorado en teología
526 ## - NOTA DE INFORMACIÓN SOBRE EL PROGRAMA DE ESTUDIO
Nombre del programa Maestría en teología histórica
526 ## - NOTA DE INFORMACIÓN SOBRE EL PROGRAMA DE ESTUDIO
Nombre del programa Maestría en teología bíblica
526 ## - NOTA DE INFORMACIÓN SOBRE EL PROGRAMA DE ESTUDIO
Nombre del programa Maestría en teología
526 ## - NOTA DE INFORMACIÓN SOBRE EL PROGRAMA DE ESTUDIO
Nombre del programa Maestría en misionología
526 ## - NOTA DE INFORMACIÓN SOBRE EL PROGRAMA DE ESTUDIO
Nombre del programa Maestría en liderazgo eclesiástico
526 ## - NOTA DE INFORMACIÓN SOBRE EL PROGRAMA DE ESTUDIO
Nombre del programa Teología
534 ## - NOTA SOBRE LA VERSIÓN ORIGINAL
Frase introductoria Título original.
Mención de título del original Einführung in die Liturgiewissenschaft.
Localización del original English
596 ## -
-- 1
610 20 - PUNTO DE ACCESO ADICIONAL DE MATERIA--NOMBRE DE ENTIDAD CORPORATIVA
Nombre de entidad corporativa o nombre de jurisdicción como elemento de entrada Catholic Church
Subdivisión general Doctrines.
610 20 - PUNTO DE ACCESO ADICIONAL DE MATERIA--NOMBRE DE ENTIDAD CORPORATIVA
Nombre de entidad corporativa o nombre de jurisdicción como elemento de entrada Catholic Church
Subdivisión general Liturgy.
610 #0 - PUNTO DE ACCESO ADICIONAL DE MATERIA--NOMBRE DE ENTIDAD CORPORATIVA
Nombre de entidad corporativa o nombre de jurisdicción como elemento de entrada Iglesia Católica
Subdivisión general Doctrinas.
9 (RLIN) 508
610 20 - PUNTO DE ACCESO ADICIONAL DE MATERIA--NOMBRE DE ENTIDAD CORPORATIVA
Nombre de entidad corporativa o nombre de jurisdicción como elemento de entrada Iglesia Católica
Subdivisión general Liturgia.
650 #0 - PUNTO DE ACCESO ADICIONAL DE MATERIA--TÉRMINO DE MATERIA
Término de materia o nombre geográfico como elemento de entrada Liturgias.
650 #0 - PUNTO DE ACCESO ADICIONAL DE MATERIA--TÉRMINO DE MATERIA
Término de materia o nombre geográfico como elemento de entrada Liturgics.
700 1# - ENTRADA AGREGADA--NOMBRE PERSONAL
Nombre de persona Kranemann, Benedikt,
Término indicativo de función/relación autor.
700 1# - ENTRADA AGREGADA--NOMBRE PERSONAL
Nombre de persona Maloney, Linda M.,
Término indicativo de función/relación traductor.
910 ## - DATOS DE OPCIÓN DEL USUARIO (OCLC)
Datos de opción del usuario dbm
-- ebj
-- ebj
-- 20171214
942 ## - ELEMENTOS DE ENTRADA SECUNDARIOS (KOHA)
Fuente del sistema de clasificación o colocación Clasificación Decimal Dewey
Tipo de ítem Koha
949 ## - PROCESAMIENTO DE INFORMACIÓN LOCAL (OCLC)
a 264.02 G37
w DEWEY
c 1
i 77556
l CATALOGING
m BUL
p 44.95
r 0
s Y
t BOOK
u 2017-12-14
x POSGRADO
-- P85
0 DONACION
o .STAFF. Colección Teología.
994 ## -
-- C0
-- PEPRU
999 ## - NÚMEROS DE CONTROL DE SISTEMA (KOHA)
-- DEWEY
-- 77556
-- 2021-11-10
-- 4
-- CCODEBUL1
-- BUL
-- 44.95
-- 1
-- 0
-- Y
-- BOOK
-- 2017-12-14
-- TEOLOGIA
-- P85
-- DONACION
-- .STAFF. Colección Teología.
980 ## - EQUIVALENCIA O REFERENCIA-CRUZADA-MENCIÓN DE SERIE--NOMBRE DE PERSONA/TÍTULO [LOCAL, CANADÁ]
ID del último usuario que modificó el registro 18226
Nombre del último usuario que modificó el registro Jaime Vilcazán Jefe de Análisis Documental
Existencias
Visto por última vez Número de inventario Total de préstamos Signatura topográfica completa Código de barras Copia número Coste, precio de reemplazo Fecha de reemplazo Facultad Tipo de ítem Koha Nota pública Estado de pérdida Fuente del sistema de clasificación o colocación Restricciones de uso No para préstamo Colección Programa académico Biblioteca de origen Biblioteca actual Ubicación en estantería Fecha de adquisición Fuente de adquisición Coste, precio normal de compra
2025-12-02 5   264.02 G37 77556 e1 49.95 2017-12-14   Libros físicos inventario-2023-12-13 No Perdido Clasificación Decimal Dewey No restringido Disponible para préstamos Colección General Maestría en teología Biblioteca CRAI UPeU Lima Biblioteca CRAI UPeU Lima Sala principal 2017-12-14 DONACION 44.95